21-DAY TUMMY DIET COOKBOOK (Record no. 242678)

MARC details
000 -LEADER
fixed length control field 00400pam a2200169 a 4500
020 ## - INTERNATIONAL STANDARD BOOK NUMBER
International Standard Book Number 978-1621452706
Terms of availability
041 ## - LANGUAGE CODE
Language code of original
082 ## - DEWEY DECIMAL CLASSIFICATION NUMBER
Classification number 641.5638
100 ## - MAIN ENTRY--PERSONAL NAME
Personal name LIZ VACCARIELLO
Relator term Author
245 ## - TITLE STATEMENT
Title 21-DAY TUMMY DIET COOKBOOK
Statement of responsibility, etc. LIZ VACCARIELLO
Medium Textual Documents
250 ## - EDITION STATEMENT
Edition statement 5th
260 ## - PUBLICATION, DISTRIBUTION, ETC.
Name of publisher, distributor, etc. READERS DIGEST
300 ## - PHYSICAL DESCRIPTION
Extent 312
653 ## - INDEX TERM--UNCONTROLLED
Uncontrolled term FOOD PRODUCTION
700 ## - ADDED ENTRY--PERSONAL NAME
Relator term Co-Author
930 ## - EQUIVALENCE OR CROSS-REFERENCE-UNIFORM TITLE HEADING [LOCAL, CANADA]
Uniform title 46

No items available.